000 00215nam a22000977a 4500
082 _a005.7565 USI'D
245 _aUSING DBASE III PLUS, VERSION 1.10
260 _aUSA
_bPAK EME
_c1989
300 _aX-34P
942 _cBK
999 _c574427
_d574427